000 00372nam a22001457a 4500
008 210526b ||||| |||| 00| 0 eng d
020 _a2900135059141
041 _aeng
080 _28th
_a331.101.262
082 _a331.101.262
100 _a52
101 _aBNJ
245 _aOrganizational Behaviour Understanding and Managing Life at Work
_cJohns,G
942 _2udc
_cBK
999 _c57624
_d57624